| 000 | 01170nam a2200253 a 4500 | ||
|---|---|---|---|
| 001 | 000029737 | ||
| 003 | AM-YEHGA | ||
| 005 | 20250618070929.0 | ||
| 008 | 980225s1967 ai | |||||||||||||arm d | ||
| 040 | _aAM-YeHGA | ||
| 041 | 0 | _aarm | |
| 100 | 1 |
_aԱրզումանյան, Սևակ Հարությունի, _d1929-2004 _9981 |
|
| 245 | 1 | 0 |
_aՍովետահայ վեպը / _cՍ.Ա. Արզումանյան. |
| 246 | 1 | 5 | _aСоветско-армянский роман |
| 246 | 3 | 1 | _aԽորհրդահայ վեպը |
| 246 | 3 | 1 | _aԱրդի հայ վեպը |
| 260 |
_aԵրևան : _bՀայաստան, _c1967-. |
||
| 300 |
_aգիրք ; _c20 սմ. |
||
| 504 | _aՏողատակի ծանոթագր. հայերեն և ռուսերեն լեզուներով | ||
| 505 | 0 | 0 |
_gԳ. 1 (1967, 583 էջ) : _t(1920 - 1945 թթ.) ; _gԳ. 2 (1980, 466 էջ) : _t(1945 - 1965 թթ.) ; _gԳ. 3 (1986, 456 էջ) ; _gԳ. 4 (Խորհրդային գրող, 1990, 580 էջ) : _tԽորհրդահայ վեպ : (1960 -1970 թթ.) ; _gԳ. 5 (ՀԳՄ հրատ., 2004, 412 էջ) : _tԱրդի հայ վեպը |
| 650 | 1 | 4 |
_aՀայ գրականագիտություն _94862 |
| 942 |
_2udc _cBK |
||
| 090 | _c13593 | ||
| 999 |
_c13488 _d13488 |
||